000 00808cab a22002415a 4500
001 L157809
008 130529e20130504xxk 000 0 eng d
035 _a(Sirsi) u157809
041 0 _aeng
100 1 _aSimmons, Mark
245 0 0 _aFocus
_bOffices
260 _c2013
490 _aEstates Gazette
_v(1318) 4 May 2013, 67-78(11)
520 _aIncludes discussion about working spaces, the trend of landlords and occupiers looking to grade-B space as speculative development of grade-A space almost halts and the possibility of London institutions funding development in the regions.
590 _aKA
651 4 _aUnited Kingdom
690 _aCommercial property
_96227
700 1 _aThame, David
700 1 _aThompson, Neil
700 1 _aQuinn, David
700 1 _aArney, Earle
942 _n0
999 _c84466
_d84466